Statistics for Musicians by Flag

Click here to take the quiz!

General Stats

  • This quiz has been taken 37 times
  • The average score is 8 of 18

Answer Stats

Answer% Correct
Pink Floyd
100%
Guns 'n' Roses
97%
Led Zeppelin
89%
White Stripes
71%
Arctic Monkeys
66%
The Black Keys
60%
Deep Purple
54%
Radiohead
54%
Talking Heads
49%
Nirvana
46%
Blackpink
40%
Slipknot
34%
Green Day
26%
U2
26%
Alabama
20%
Genesis
11%
Maroon 5
3%
The Carpenters
0%

Score Distribution

Percentile by Number Answered

Percent of People with Each Score

Your Score History

You have not taken this quiz